00724nam a2200241Ia 4500001001000000003000500010008004100015010001100056020002200067040000900089082001700098245013000115260004100245300001500286500005300301650000500354650000500359650002500364650003200389700001700421700002100438700002300459Para_9800CHAP220125s2007 xx 000 0 und d a208447 a978-1-4020-6058-8 cCHAP aPA 632.9 A74 aArea-wide control of insect pests :b From research to field implementation /c M.J.B. Vreysen, A.S. Robinson, J. Hendrichs aDordrecht, Netherlands :b Springer axv, 789 p. aIncluye referencias bibliográficas e índices a a aControl de insectos  aControl integrado de plagas aHendrichs, J aRobinson, A. S.  aVreysen, M. J. B.